| 000 | 00686nam a2200217Ia 4500 | ||
|---|---|---|---|
| 003 | GCL | ||
| 008 | 140319s9999 xx 000 0 ara d | ||
| 040 |
_aGCL / _cGCL |
||
| 082 | 0 | 4 |
_a411 _bت م |
| 100 | 1 | _aتود، لوريتو | |
| 245 | 1 | 0 |
_aمدخل الى علم اللغة / _cتود، لوريتو |
| 700 | 1 | _aمصطفى التونى | |
| 260 |
_a[S.N] : _bالهيئة المصرية العامة للكتاب ، _c1994 |
||
| 300 | _a151 ص | ||
| 490 |
_aالالف كتاب الثانى _v0 |
||
| 650 | 0 | 4 | _aالعلم |
| 650 | 0 | 4 | _aالاصوات اللغوية |
| 650 | 0 | 4 | _aاللغة العربية |
| 650 | 0 | 4 | _aفقه اللغة المقارن |
| 942 |
_2ddc _cBK |
||
| 999 |
_c30959 _d30959 |
||